000 00400nam a22001217a 4500
999 _c9372
_d9372
003 OSt
008 201203b ||||| |||| 00| 0 eng d
245 _aInventi Impact : Civil Engineering
250 _a2015( Jan-Mar Vol.2015 No.1, Apr-Jun Vol.2015 No.2, Jul-Sep Vol.2015 No.3, Oct-Dec Vol.2015 No.4 )
260 _aNew Delhi
_bInventi Journals Pvt. Ltd.
650 _aCivil Engineering
942 _2ddc
_cBV